00865nam a2200289Ia 4500008004100000020002200041050001000063050001400073245003200087245002600119260001200145260001700157260000900174300001500183300002600198300001000224440003300234500002000267650002400287650002100311650002200332650004000354650004000394700001200434999001900446952011000465171120s9999 xx 000 0 und d a9.7818481015e+012 a569.6 bW629 2009 aWhy were mammoths woolly? : bprehistoric animals / aEssex : bMiles Kelly, c2009 a32 pages : bcolor illustrations ; c29cm. aFirst questions and answers. aIncludes index. aAnimals, Fossil --  aAnimals, Fossil. aWoolly mammoth -- xMiscellanea -- Juvenile literature. xMiscellanea -- Juvenile literature. aSeries. c344979d344979 001040aSSISMbSSISMd2017-11-20l0oREF 569.6 W629 2009pSSISM4023r2017-11-20 00:00:00w2017-11-20yBK